[Event "Monarch Assurance Isle of Man 9th"]
[Site "Port Erin IOM"]
[Date "2000.10.14"]
[Round "1.1"]
[White "Kosteniuk, Alexandra"]
[Black "Sutovsky, Emil"]
[Result "1/2-1/2"]
[WhiteElo "2398"]
[BlackElo "2609"]
[PlyCount "58"]
[EventDate "2000.10.14"]
[EventType "swiss"]
[EventRounds "9"]
[EventCountry "IOM"]
[SourceTitle "BritBase"]
[SourceDate "2008.07.14"]
[SourceVersion "1"]
[SourceVersionDate "2008.07.14"]
[SourceQuality "2"]

1. e4 c5 2. Nf3 Nc6 3. d4 cxd4 4. Nxd4 Nf6 5. Nc3 d6 6. Bc4 Bd7 7. Bg5 Qa5 8.
Bxf6 gxf6 9. Nb3 Qg5 10. g3 f5 11. O-O Bg7 12. Nd5 O-O 13. exf5 Bxb2 14. Rb1
Bg7 15. Nd2 Bxf5 16. Rxb7 e6 17. Nf3 Qh5 18. Be2 exd5 19. Nd4 Qg5 20. Nxc6 Bh3
21. f4 Qf6 22. Rf3 Rfe8 23. Rd3 Rac8 24. Nd4 Rc4 25. Nf3 Rce4 26. Bf1 Bg4 27.
h3 Bf5 28. Rxd5 Re3 29. Rxd6 Qc3 1/2-1/2

[Event "Monarch Assurance Isle of Man 9th"]
[Site "Port Erin IOM"]
[Date "2000.10.14"]
[Round "1.2"]
[White "Sherbakov, Ruslan"]
[Black "Quinn, Mark"]
[Result "1-0"]
[WhiteElo "2558"]
[BlackElo "2381"]
[PlyCount "81"]
[EventDate "2000.10.14"]
[EventType "swiss"]
[EventRounds "9"]
[EventCountry "IOM"]
[SourceTitle "BritBase"]
[SourceDate "2008.07.14"]
[SourceVersion "1"]
[SourceVersionDate "2008.07.14"]
[SourceQuality "2"]

1. Nf3 Nf6 2. c4 e6 3. g3 a6 4. Bg2 c5 5. Nc3 Nc6 6. O-O Nd4 7. Ng5 Qc7 8. e3
Nf5 9. b3 Rb8 10. d4 b5 11. d5 h6 12. Nf3 b4 13. e4 Nd6 14. e5 bxc3 15. exf6
gxf6 16. Bf4 Rb6 17. Rc1 h5 18. Rxc3 Bh6 19. Bxh6 Rxh6 20. Qd2 Rh8 21. Re1 Kf8
22. Nh4 Kg7 23. Rf3 Ne8 24. Re4 Qd6 25. Rfe3 Kf8 26. Rf4 Rg8 27. Qe2 Rg5 28.
Nf3 Rg8 29. Nh4 Rh8 30. Rf5 Kg8 31. Rxh5 Rxh5 32. Qxh5 Ng7 33. Qh6 f5 34. Qf6
Rb8 35. Nf3 Ne8 36. Qg5+ Kf8 37. Qh6+ Ke7 38. Nh4 Kd8 39. Nxf5 exf5 40. Rxe8+
Kc7 41. Qe3 1-0

[Event "Monarch Assurance Isle of Man 9th"]
[Site "Port Erin IOM"]
[Date "2000.10.14"]
[Round "1.3"]
[White "Gladyszev, Oleg"]
[Black "Volkov, Sergey"]
[Result "1/2-1/2"]
[WhiteElo "2351"]
[BlackElo "2554"]
[PlyCount "105"]
[EventDate "2000.10.14"]
[EventType "swiss"]
[EventRounds "9"]
[EventCountry "IOM"]
[SourceTitle "BritBase"]
[SourceDate "2008.07.14"]
[SourceVersion "1"]
[SourceVersionDate "2008.07.14"]
[SourceQuality "2"]

1. d4 d5 2. c4 c6 3. Nf3 Nf6 4. Nc3 a6 5. Ne5 Nbd7 6. Bf4 dxc4 7. Nxc4 Nd5 8.
Bd2 Nxc3 9. Bxc3 e6 10. g3 b5 11. Ne3 Bb7 12. Bg2 b4 13. Bd2 Nb6 14. Qc2 Rc8
15. Qd3 Qd7 16. O-O c5 17. Nc4 Nxc4 18. Bxb7 Qxb7 19. Qxc4 cxd4 20. Qxd4 Rd8
21. Qf4 Bd6 22. Qg4 O-O 23. Bg5 f5 24. Qc4 Rde8 25. Bf4 Bxf4 26. Qxf4 e5 27.
Qc4+ Kh8 28. Rac1 f4 29. Qc6 Qa7 30. Rc4 a5 31. Kg2 Qf7 32. Qe4 h6 33. b3 Rd8
34. f3 Rd2 35. Rc2 Qd7 36. Rfc1 Rd4 37. Qxe5 Re8 38. Rc8 Rxc8 39. Rxc8+ Qxc8
40. Qxd4 fxg3 41. hxg3 Qc7 42. Qd5 Qb6 43. f4 Qc7 44. Kf3 Qc3+ 45. Qd3 Qc5 46.
e3 Qh5+ 47. Kg2 Qc5 48. Kf2 Kg8 49. Kf3 Kh8 50. e4 h5 51. Kg2 g6 52. Kh3 Kg7
53. Kg2 1/2-1/2

[Event "Monarch Assurance Isle of Man 9th"]
[Site "Port Erin IOM"]
[Date "2000.10.14"]
[Round "1.4"]
[White "Plaskett, James"]
[Black "Cooper, Lawrence"]
[Result "1/2-1/2"]
[WhiteElo "2529"]
[BlackElo "2345"]
[PlyCount "23"]
[EventDate "2000.10.14"]
[EventType "swiss"]
[EventRounds "9"]
[EventCountry "IOM"]
[SourceTitle "BritBase"]
[SourceDate "2008.07.14"]
[SourceVersion "1"]
[SourceVersionDate "2008.07.14"]
[SourceQuality "2"]

1. d4 Nf6 2. Nf3 d5 3. c4 c6 4. Qc2 dxc4 5. Qxc4 Bf5 6. Bg5 Qb6 7. b3 Ne4 8.
Nbd2 e6 9. a3 Nxg5 10. Nxg5 Be7 11. Ngf3 O-O 12. e4 1/2-1/2

[Event "Monarch Assurance Isle of Man 9th"]
[Site "Port Erin IOM"]
[Date "2000.10.14"]
[Round "1.5"]
[White "Marusenko, Petr"]
[Black "Kiriakov, Petr"]
[Result "1/2-1/2"]
[WhiteElo "2327"]
[BlackElo "2525"]
[PlyCount "40"]
[EventDate "2000.10.14"]
[EventType "swiss"]
[EventRounds "9"]
[EventCountry "IOM"]
[SourceTitle "BritBase"]
[SourceDate "2008.07.14"]
[SourceVersion "1"]
[SourceVersionDate "2008.07.14"]
[SourceQuality "2"]

1. e4 e6 2. d3 d5 3. Nd2 c5 4. Ngf3 Nc6 5. g3 Nf6 6. Bg2 Be7 7. O-O O-O 8. e5
Nd7 9. Re1 b5 10. h4 a5 11. Nf1 b4 12. Bf4 a4 13. a3 bxa3 14. bxa3 Ba6 15. Bh3
Nd4 16. Nxd4 cxd4 17. Qg4 Kh8 18. Nd2 Rc8 19. Ra2 Rc6 20. Nf3 Qb6 1/2-1/2

[Event "Monarch Assurance Isle of Man 9th"]
[Site "Port Erin IOM"]
[Date "2000.10.14"]
[Round "1.6"]
[White "Ward, Chris"]
[Black "Palliser, Richard"]
[Result "1/2-1/2"]
[WhiteElo "2510"]
[BlackElo "2322"]
[PlyCount "140"]
[EventDate "2000.10.14"]
[EventType "swiss"]
[EventRounds "9"]
[EventCountry "IOM"]
[SourceTitle "BritBase"]
[SourceDate "2008.07.14"]
[SourceVersion "1"]
[SourceVersionDate "2008.07.14"]
[SourceQuality "2"]

1. d4 Nf6 2. c4 Nc6 3. Nc3 e5 4. d5 Ne7 5. Nf3 Ng6 6. h4 h5 7. Bg5 Be7 8. e3 d6
9. Bd3 Nf8 10. c5 N8d7 11. cxd6 cxd6 12. Rc1 Nc5 13. Bb5+ Bd7 14. Bxf6 Bxf6 15.
b4 Na6 16. Qa4 Bxb5 17. Qxb5+ Qd7 18. a3 Qxb5 19. Nxb5 Kd7 20. Kd2 Bd8 21. Ng5
Rf8 22. Ne4 Be7 23. Rc4 g6 24. g3 f5 25. Ng5 Bxg5 26. hxg5 Rfc8 27. Rhc1 Rxc4
28. Rxc4 e4 29. a4 Re8 30. Kc3 Rh8 31. Kd4 h4 32. gxh4 Rxh4 33. Nxa7 Rh1 34.
Nc8 Nc7 35. Nb6+ Kd8 36. Rc2 Rg1 37. Nc4 Kd7 38. Nb6+ Kd8 39. Nc4 Kd7 40. b5
Ra1 41. Nb6+ Kd8 42. Kc3 Rg1 43. Kb4 Rxg5 44. Ka5 Rg1 45. Nc4 Nxd5 46. Rd2 Nc3
47. Kb4 Rc1 48. Rxd6+ Kc7 49. b6+ Kc8 50. Rxg6 Nd5+ 51. Kc5 Ne7 52. Rg7 Kd7 53.
a5 Ra1 54. Rh7 Rd1 55. Kb4 Rb1+ 56. Kc5 Rd1 57. Kb4 Rb1+ 58. Kc3 Ke6 59. Rh6+
Kd5 60. Nd6 Rc1+ 61. Kb3 Rc6 62. Nf7 Rxh6 63. Nxh6 Ke6 64. Kc4 Nc6 65. Kb5 Nb8
66. Kc5 Nd7+ 67. Kd4 Nb8 68. Kc4 Nc6 69. Kb5 Nb8 70. Kc4 Nc6 1/2-1/2

[Event "Monarch Assurance Isle of Man 9th"]
[Site "Port Erin IOM"]
[Date "2000.10.14"]
[Round "1.7"]
[White "Bergstrom, Rolf"]
[Black "Hebden, Mark"]
[Result "0-1"]
[WhiteElo "2308"]
[BlackElo "2505"]
[PlyCount "122"]
[EventDate "2000.10.14"]
[EventType "swiss"]
[EventRounds "9"]
[EventCountry "IOM"]
[SourceTitle "BritBase"]
[SourceDate "2008.07.14"]
[SourceVersion "1"]
[SourceVersionDate "2008.07.14"]
[SourceQuality "2"]

1. e4 e5 2. Nf3 Nc6 3. Nc3 Nf6 4. Bb5 Nd4 5. O-O Nxb5 6. Nxb5 c6 7. Nc3 d6 8.
d4 Qc7 9. h3 b5 10. a3 a6 11. Nh4 Be7 12. dxe5 dxe5 13. Qf3 g6 14. Bh6 Rg8 15.
Rad1 Be6 16. Bg5 Nh5 17. Bxe7 Qxe7 18. Nf5 Qg5 19. h4 Qf4 20. Qxf4 Nxf4 21.
Nd6+ Ke7 22. g3 Nh5 23. Nb7 a5 24. b3 Nf6 25. Nc5 Bh3 26. Rfe1 g5 27. hxg5 Rxg5
28. Rd3 h5 29. Kh2 Be6 30. f3 Rag8 31. Nxe6 Kxe6 32. Ne2 Ke7 33. Kh3 Rc8 34.
Red1 Rgg8 35. Kh4 Rc7 36. Nc3 Nh7 37. Ne2 Nf6 38. Nc3 Nd7 39. Ne2 Nc5 40. R3d2
Ne6 41. Rd3 b4 42. axb4 axb4 43. Ra1 Nc5 44. Rdd1 Nd7 45. Ra6 Rb8 46. Rda1 Nf8
47. Ra7 Ne6 48. R1a5 Kd6 49. f4 f6 50. Rxc7 Nxc7 51. fxe5+ fxe5 52. Nc1 Rg8 53.
Nd3 Rg4+ 54. Kxh5 Rxe4 55. g4 Nd5 56. g5 Re2 57. Ra4 Rxc2 58. Nxb4 Rh2+ 59. Kg6
Ne7+ 60. Kf7 Rf2+ 61. Ke8 Ng6 0-1

[Event "Monarch Assurance Isle of Man 9th"]
[Site "Port Erin IOM"]
[Date "2000.10.14"]
[Round "1.8"]
[White "Gormally, Daniel W"]
[Black "Rayner, Francis"]
[Result "1-0"]
[WhiteElo "2499"]
[BlackElo "2256"]
[PlyCount "111"]
[EventDate "2000.10.14"]
[EventType "swiss"]
[EventRounds "9"]
[EventCountry "IOM"]
[SourceTitle "BritBase"]
[SourceDate "2008.07.14"]
[SourceVersion "1"]
[SourceVersionDate "2008.07.14"]
[SourceQuality "2"]

1. d4 Nf6 2. Nf3 c5 3. d5 e6 4. c4 b5 5. dxe6 fxe6 6. cxb5 d5 7. Nc3 Be7 8. g3
O-O 9. Bg2 Bb7 10. Nd2 Nbd7 11. O-O Qc7 12. b3 Rf7 13. Bb2 Ne5 14. Rc1 Qd6 15.
Na4 Ned7 16. e4 Nxe4 17. Nxe4 dxe4 18. Qxd6 Bxd6 19. Rcd1 Bf8 20. Rfe1 Nb6 21.
Nc3 c4 22. Nxe4 cxb3 23. axb3 Bb4 24. Re2 Bd5 25. Ng5 Re7 26. Rxe6 Bxb3 27.
Rxe7 Bxe7 28. Re1 Bb4 29. Ra1 Bd5 30. Bd4 Bxg2 31. Kxg2 Rd8 32. Ne6 Rd6 33.
Rxa7 Rxe6 34. Rxg7+ Kf8 35. Rxh7 Nd5 36. h4 Re7 37. Rh8+ Kf7 38. h5 Ke6 39. h6
Bc3 40. Bxc3 Nxc3 41. b6 Nd5 42. h7 Nxb6 43. Rb8 Rxh7 44. Rxb6+ Kf5 45. Kf3 Ra7
46. Rb5+ Kg6 47. Kg4 Ra4+ 48. f4 Ra3 49. Rb6+ Kg7 50. f5 Rc3 51. Kf4 Rc4+ 52.
Kg5 Rc7 53. g4 Ra7 54. Rb5 Rc7 55. f6+ Kf7 56. Kf5 1-0

[Event "Monarch Assurance Isle of Man 9th"]
[Site "Port Erin IOM"]
[Date "2000.10.14"]
[Round "1.9"]
[White "Allen, Keith"]
[Black "Akesson, Ralf"]
[Result "1/2-1/2"]
[WhiteElo "2250"]
[BlackElo "2486"]
[PlyCount "63"]
[EventDate "2000.10.14"]
[EventType "swiss"]
[EventRounds "9"]
[EventCountry "IOM"]
[SourceTitle "BritBase"]
[SourceDate "2008.07.14"]
[SourceVersion "1"]
[SourceVersionDate "2008.07.14"]
[SourceQuality "2"]

1. d4 Nf6 2. c4 e6 3. Nc3 Bb4 4. Qc2 O-O 5. a3 Bxc3+ 6. Qxc3 Ne4 7. Qc2 f5 8.
Nf3 b6 9. g3 Bb7 10. Bg2 Nf6 11. O-O Be4 12. Qc3 d6 13. Ne1 Bxg2 14. Nxg2 Qe8
15. b4 Nbd7 16. Bb2 Qf7 17. Qc2 Rae8 18. Rad1 g5 19. f3 Qg6 20. Rd2 Rf7 21. Ne3
Qh6 22. d5 f4 23. dxe6 Rxe6 24. Nf5 Qh3 25. e4 fxe3 26. Re2 Ne5 27. Rxe3 Nfd7
28. g4 h5 29. Qg2 Qxg2+ 30. Kxg2 Ref6 31. Re4 Rh7 32. h3 1/2-1/2

[Event "Monarch Assurance Isle of Man 9th"]
[Site "Port Erin IOM"]
[Date "2000.10.14"]
[Round "1.10"]
[White "Arkell, Keith"]
[Black "Jackson, Adrian"]
[Result "1/2-1/2"]
[WhiteElo "2481"]
[BlackElo "2207"]
[PlyCount "180"]
[EventDate "2000.10.14"]
[EventType "swiss"]
[EventRounds "9"]
[EventCountry "IOM"]
[SourceTitle "BritBase"]
[SourceDate "2008.07.14"]
[SourceVersion "1"]
[SourceVersionDate "2008.07.14"]
[SourceQuality "2"]

1. d4 Nf6 2. Nf3 e6 3. c4 b6 4. Nc3 Bb4 5. Qb3 Bxc3+ 6. Qxc3 Ne4 7. Qc2 Bb7 8.
g3 f5 9. Bg2 Nf6 10. O-O Be4 11. Qc3 O-O 12. Rd1 d6 13. Bh3 Qe7 14. Ng5 h6 15.
Nxe4 Nxe4 16. Qe3 Nd7 17. Bg2 Qf7 18. f3 Nef6 19. b3 Rae8 20. Bb2 Nh5 21. f4
Nhf6 22. Qd3 Qh5 23. Qf3 Qxf3 24. exf3 Kf7 25. b4 d5 26. Rdc1 dxc4 27. Rxc4 Nd5
28. b5 Ra8 29. Ra4 Rfc8 30. Rc1 N7f6 31. Bf1 Ke8 32. Kf2 Kd7 33. Bd3 h5 34. Rc2
Rh8 35. Bc1 h4 36. Kg2 hxg3 37. hxg3 Rh5 38. Bf1 Rah8 39. Kf2 Ra8 40. Bg2 Rhh8
41. Bd2 Rhc8 42. Rc1 Rh8 43. Ra3 Ne8 44. Kg1 Nd6 45. Bf1 Rhc8 46. Rb3 c6 47.
bxc6+ Rxc6 48. Rxc6 Kxc6 49. Rb2 Rc8 50. Ba6 Rc7 51. Bd3 Kd7 52. Rb3 Nc4 53.
Be1 Nce3 54. Rb1 Nc2 55. Bf2 Ncb4 56. Bb5+ Kd6 57. a4 a6 58. Bf1 Rc2 59. Be1 a5
60. Bb5 Nc3 61. Bxc3 Rxc3 62. Kg2 Rc2+ 63. Kh3 Rc3 64. Kh4 Rxf3 65. Rc1 Rf2 66.
Rc8 Rc2 67. Rg8 Rc7 68. Kg5 Nc6 69. Bf1 Nxd4 70. Kg6 Rc3 71. Rd8+ Kc5 72. Kxg7
Rxg3+ 73. Kf6 Nc6 74. Rc8 Kd6 75. Bb5 Rc3 76. Re8 Nd4 77. Ba6 Kc5 78. Rb8 Kb4
79. Rxb6+ Kxa4 80. Ke5 Ne2 81. Rxe6 Re3+ 82. Kd6 Rxe6+ 83. Kxe6 Nxf4+ 84. Kxf5
Nd5 85. Ke5 Nc3 86. Bc8 Kb4 87. Bd7 Nb5 88. Ke4 a4 89. Kd3 a3 90. Be6 Nc3
1/2-1/2

[Event "Monarch Assurance Isle of Man 9th"]
[Site "Port Erin IOM"]
[Date "2000.10.14"]
[Round "1.11"]
[White "Reinemer, Frank"]
[Black "Cherniaev, Alexander"]
[Result "0-1"]
[WhiteElo "2186"]
[BlackElo "2454"]
[PlyCount "72"]
[EventDate "2000.10.14"]
[EventType "swiss"]
[EventRounds "9"]
[EventCountry "IOM"]
[SourceTitle "BritBase"]
[SourceDate "2008.07.14"]
[SourceVersion "1"]
[SourceVersionDate "2008.07.14"]
[SourceQuality "2"]

1. d4 d5 2. c4 e6 3. Nc3 c6 4. cxd5 exd5 5. Qc2 Bd6 6. Nf3 Ne7 7. Bg5 Qb6 8.
Bxe7 Kxe7 9. e3 Bg4 10. Bd3 Nd7 11. Nh4 Nf6 12. h3 Bd7 13. g4 Rae8 14. g5 Nh5
15. Nf5+ Bxf5 16. Bxf5 g6 17. Bg4 Ng7 18. O-O-O h5 19. gxh6 Rxh6 20. e4 dxe4
21. Kb1 f5 22. Qd2 Rhh8 23. Qg5+ Kf7 24. Be2 Ne6 25. Bc4 Rh5 26. Qg2 Kg7 27.
Bxe6 Rxe6 28. d5 cxd5 29. Rxd5 Be5 30. Rd7+ Kh6 31. Rc1 Rc6 32. f3 Rxc3 33.
Rxc3 Bxc3 34. Qh2 Qxb2+ 35. Qxb2 Bxb2 36. Kxb2 exf3 0-1

[Event "Monarch Assurance Isle of Man 9th"]
[Site "Port Erin IOM"]
[Date "2000.10.14"]
[Round "1.12"]
[White "Arakhamia-Grant, Ketevan"]
[Black "Peters, Stephen"]
[Result "0-1"]
[WhiteElo "2405"]
[BlackElo "2157"]
[PlyCount "74"]
[EventDate "2000.10.14"]
[EventType "swiss"]
[EventRounds "9"]
[EventCountry "IOM"]
[SourceTitle "BritBase"]
[SourceDate "2008.07.14"]
[SourceVersion "1"]
[SourceVersionDate "2008.07.14"]
[SourceQuality "2"]

1. e4 c5 2. Nf3 Nc6 3. d4 cxd4 4. Nxd4 Nf6 5. Nc3 e5 6. Ndb5 d6 7. Bg5 a6 8.
Na3 b5 9. Nd5 Qa5+ 10. Bd2 Qd8 11. Bd3 Ne7 12. Nxf6+ gxf6 13. c4 f5 14. O-O
fxe4 15. Bxe4 d5 16. cxd5 Bb7 17. Bc3 Bg7 18. Qg4 Ng6 19. Nc2 Bc8 20. Qd1 f5
21. Bf3 O-O 22. d6 Ra7 23. Nb4 Qg5 24. Nc6 Rd7 25. Qd5+ Kh8 26. Bxe5 Nh4 27.
Be2 f4 28. Bxg7+ Qxg7 29. g3 f3 30. Bd3 Qg4 31. Kh1 Qh3 32. Rg1 Nf5 33. Rae1
Rg7 34. Qe5 Bb7 35. Ne7 Nh6 36. Qe6 Ng4 37. Qxg4 Qxg4 0-1

[Event "Monarch Assurance Isle of Man 9th"]
[Site "Port Erin IOM"]
[Date "2000.10.14"]
[Round "1.13"]
[White "Valenti, Richard"]
[Black "Van Kemenade, Rudy"]
[Result "1-0"]
[WhiteElo "2157"]
[BlackElo "2080"]
[PlyCount "105"]
[EventDate "2000.10.14"]
[EventType "swiss"]
[EventRounds "9"]
[EventCountry "IOM"]
[SourceTitle "BritBase"]
[SourceDate "2008.07.14"]
[SourceVersion "1"]
[SourceVersionDate "2008.07.14"]
[SourceQuality "2"]

1. g3 g6 2. Bg2 Bg7 3. Nf3 d6 4. O-O f5 5. c3 Nf6 6. Qb3 e6 7. d3 Qe7 8. e4
fxe4 9. dxe4 e5 10. Nbd2 Nbd7 11. Qc4 Nc5 12. b4 Be6 13. Qe2 Na4 14. Ng5 O-O
15. Nxe6 Qxe6 16. Qd3 Rad8 17. c4 a6 18. Qb3 Qe8 19. Nb1 Kh8 20. Nc3 Nxc3 21.
Qxc3 Qa4 22. Qb3 Qd7 23. Bb2 Qg4 24. Rad1 Nd7 25. a4 Qe6 26. a5 Rf7 27. Qd3 Nf6
28. Bc1 h6 29. Be3 Kh7 30. c5 Qe8 31. Qc4 Bf8 32. Bh3 Rg7 33. f3 c6 34. Qc1 Ng8
35. cxd6 Rxd6 36. Bc5 Rxd1 37. Rxd1 Bxc5+ 38. Qxc5 Qe7 39. Qxe7 Rxe7 40. Kf2
Kg7 41. Rd7 Kf7 42. Rxe7+ Nxe7 43. Bd7 g5 44. Ke3 h5 45. Kd3 c5 46. Kc4 cxb4
47. Kxb4 h4 48. Kc5 hxg3 49. hxg3 Ng8 50. Bc8 Nf6 51. Bxb7 Nh5 52. Bxa6 Nxg3
53. Bb7 1-0

[Event "Monarch Assurance Isle of Man 9th"]
[Site "Port Erin IOM"]
[Date "2000.10.14"]
[Round "1.14"]
[White "Yurenok, Maria"]
[Black "Goodger, Martyn"]
[Result "1/2-1/2"]
[WhiteElo "2058"]
[BlackElo "2148"]
[PlyCount "38"]
[EventDate "2000.10.14"]
[EventType "swiss"]
[EventRounds "9"]
[EventCountry "IOM"]
[SourceTitle "BritBase"]
[SourceDate "2008.07.14"]
[SourceVersion "1"]
[SourceVersionDate "2008.07.14"]
[SourceQuality "2"]

1. d4 f5 2. g3 Nf6 3. Bg2 g6 4. Nf3 Bg7 5. O-O O-O 6. b4 c6 7. c4 d6 8. Bb2 Qe8
9. Nbd2 h6 10. c5 Na6 11. a3 Be6 12. Qc2 Bd5 13. Nc4 Rd8 14. Nfd2 Bxg2 15. Kxg2
Nc7 16. Rae1 d5 17. Ne5 Nd7 18. Ndf3 Nxe5 19. Nxe5 Ne6 1/2-1/2

[Event "Monarch Assurance Isle of Man 9th"]
[Site "Port Erin IOM"]
[Date "2000.10.14"]
[Round "1.15"]
[White "McLeod, Fraser"]
[Black "Hughes, Andrew"]
[Result "1/2-1/2"]
[WhiteElo "2132"]
[BlackElo "2043"]
[PlyCount "132"]
[EventDate "2000.10.14"]
[EventType "swiss"]
[EventRounds "9"]
[EventCountry "IOM"]
[SourceTitle "BritBase"]
[SourceDate "2008.07.14"]
[SourceVersion "1"]
[SourceVersionDate "2008.07.14"]
[SourceQuality "2"]

1. d4 Nf6 2. c4 e6 3. Nc3 Bb4 4. e3 b6 5. Nge2 Ba6 6. a3 Be7 7. Ng3 d5 8. cxd5
Bxf1 9. Nxf1 exd5 10. Ng3 O-O 11. Nf5 Re8 12. Nxe7+ Rxe7 13. O-O c5 14. Ne2 Nc6
15. b3 cxd4 16. Nxd4 Nxd4 17. Qxd4 Re4 18. Qd3 Qd6 19. f3 Re6 20. Bb2 Rae8 21.
Bd4 Nd7 22. Qc3 Rh6 23. g3 Rg6 24. Rf2 h5 25. Kh1 Ne5 26. Rc1 Nc6 27. Bxg7 Rxg7
28. Qxc6 Qxc6 29. Rxc6 Rxe3 30. Rd2 Rxb3 31. Rxd5 Rxf3 32. Rxh5 Rg6 33. Rc8+
Kg7 34. a4 Ra3 35. Rh4 Ra2 36. Rf4 Re6 37. Rc1 Ree2 38. Rh4 Rf2 39. Kg1 Rg2+
40. Kh1 Rge2 41. Kg1 a5 42. Rb1 Rg2+ 43. Kh1 Rgb2 44. Rxb2 Rxb2 45. Kg1 Rb4 46.
Kf2 b5 47. Rxb4 axb4 48. a5 b3 49. a6 b2 50. a7 b1=Q 51. a8=Q Qc2+ 52. Kg1 Qd1+
53. Kg2 b4 54. Qe4 b3 55. Qe5+ Kf8 56. Qc5+ Ke8 57. Qb5+ Kd8 58. Qb6+ Kd7 59.
Qb5+ Kd6 60. Qb6+ Ke5 61. Qc7+ Ke4 62. Qc4+ Ke3 63. Qxf7 b2 64. Qf2+ Ke4 65.
Qxb2 Qf3+ 66. Kg1 Qd1+ 1/2-1/2

[Event "Monarch Assurance Isle of Man 9th"]
[Site "Port Erin IOM"]
[Date "2000.10.14"]
[Round "1.16"]
[White "Shepherd, Michael"]
[Black "Clark, Stephen P"]
[Result "1-0"]
[WhiteElo "2035"]
[BlackElo "2133"]
[PlyCount "117"]
[EventDate "2000.10.14"]
[EventType "swiss"]
[EventRounds "9"]
[EventCountry "IOM"]
[SourceTitle "BritBase"]
[SourceDate "2008.07.14"]
[SourceVersion "1"]
[SourceVersionDate "2008.07.14"]
[SourceQuality "2"]

1. d4 d5 2. c4 c6 3. Nf3 Nf6 4. Nc3 dxc4 5. a4 Bf5 6. Nh4 e6 7. Nxf5 exf5 8. e3
Bb4 9. Bxc4 O-O 10. O-O Nbd7 11. Bd3 g6 12. f3 Qb6 13. Kh1 Rad8 14. Qe2 Rfe8
15. Qf2 Nf8 16. a5 Bxa5 17. g4 f4 18. g5 fxe3 19. Bxe3 Bxc3 20. bxc3 Nd5 21.
Bd2 a5 22. f4 c5 23. Rab1 Qc7 24. Bb5 Re7 25. dxc5 Ne6 26. f5 Nxc5 27. fxg6
hxg6 28. Qf3 Ne4 29. Be1 Ndxc3 30. Rc1 Qb6 31. Bc4 Rc7 32. Rxc3 Nxc3 33. Bxf7+
Kg7 34. Bxc3+ Rxc3 35. Qxc3+ Qd4 36. Qxd4+ Rxd4 37. Be6 b5 38. Rf7+ Kh8 39. Ra7
a4 40. Bd7 Rb4 41. Ra5 Rb1+ 42. Kg2 Rb2+ 43. Kg3 Rb3+ 44. Kf4 a3 45. Bxb5 a2
46. Bc6 Rb2 47. h3 Rf2+ 48. Kg3 Rc2 49. Be4 Rc5 50. Ra8+ Kg7 51. Ra7+ Kf8 52.
h4 Rc3+ 53. Kf4 Rc4 54. Rxa2 Kg7 55. Ra7+ Kh8 56. Ke5 Rb4 57. Bxg6 Rxh4 58. Kf6
Rf4+ 59. Bf5 1-0

[Event "Monarch Assurance Isle of Man 9th"]
[Site "Port Erin IOM"]
[Date "2000.10.14"]
[Round "1.17"]
[White "Rattray, Ross"]
[Black "Nicholson, John"]
[Result "1/2-1/2"]
[WhiteElo "2109"]
[BlackElo "2021"]
[PlyCount "67"]
[EventDate "2000.10.14"]
[EventType "swiss"]
[EventRounds "9"]
[EventCountry "IOM"]
[SourceTitle "BritBase"]
[SourceDate "2008.07.14"]
[SourceVersion "1"]
[SourceVersionDate "2008.07.14"]
[SourceQuality "2"]

1. e4 e6 2. d4 d5 3. Nc3 Be7 4. f4 dxe4 5. Nxe4 Nf6 6. Nxf6+ Bxf6 7. Nf3 c5 8.
Bb5+ Bd7 9. Bxd7+ Nxd7 10. Be3 Qc7 11. c3 O-O 12. O-O Rad8 13. Qe2 c4 14. Ne5
Nb6 15. Rf3 g6 16. g4 Bg7 17. g5 f5 18. h4 Bxe5 19. dxe5 Rd3 20. Bd4 Rxf3 21.
Qxf3 Nd5 22. Kf2 b6 23. Kg3 h5 24. gxh6 Qh7 25. h5 Qxh6 26. hxg6 Qxg6+ 27. Kf2
Qh6 28. Rg1+ Kf7 29. Rh1 Qxf4 30. Qxf4 Nxf4 31. Rh7+ Kg6 32. Rxa7 Nd3+ 33. Kf3
f4 34. Re7 1/2-1/2

[Event "Monarch Assurance Isle of Man 9th"]
[Site "Port Erin IOM"]
[Date "2000.10.14"]
[Round "1.19"]
[White "Fraser-Mitchell, Jeremy"]
[Black "Garces, Diego"]
[Result "1-0"]
[WhiteElo "2113"]
[BlackElo "2154"]
[PlyCount "70"]
[EventDate "2000.10.14"]
[EventType "swiss"]
[EventRounds "9"]
[EventCountry "IOM"]
[SourceTitle "BritBase"]
[SourceDate "2008.07.14"]
[SourceVersion "1"]
[SourceVersionDate "2008.07.14"]
[SourceQuality "2"]

1. d4 Nf6 2. c4 c5 3. d5 b5 4. cxb5 a6 5. Nc3 axb5 6. e4 d6 7. Bxb5+ Bd7 8. Bc4
e5 9. Nf3 Be7 10. O-O O-O 11. Qe2 Ne8 12. Be3 Kh8 13. a4 f5 14. exf5 Bxf5 15.
Nd2 Bg5 16. Bb5 Bxe3 17. fxe3 Nc7 18. e4 Bg6 19. Rxf8+ Qxf8 20. Rf1 Qe7 21. Nc4
h6 22. Qg4 Kh7 23. h4 h5 24. Qg5 Qxg5 25. hxg5 Nba6 26. Nxd6 Nb4 27. Nc4 Nxb5
28. axb5 Nd3 29. Rd1 Nf4 30. b6 Rb8 31. Ra1 Be8 32. Ra7 Ng6 33. Rc7 h4 34. Rxc5
Bd7 35. Rc7 Bg4 {time} 1-0

[Event "Monarch Assurance Isle of Man 9th"]
[Site "Port Erin IOM"]
[Date "2000.10.14"]
[Round "1.20"]
[White "Hill, David F"]
[Black "Ellison, D George"]
[Result "1/2-1/2"]
[WhiteElo "1992"]
[BlackElo "2100"]
[PlyCount "74"]
[EventDate "2000.10.14"]
[EventType "swiss"]
[EventRounds "9"]
[EventCountry "IOM"]
[SourceTitle "BritBase"]
[SourceDate "2008.07.14"]
[SourceVersion "1"]
[SourceVersionDate "2008.07.14"]
[SourceQuality "2"]

1. d4 e6 2. c4 f5 3. g3 Nf6 4. Bg2 d6 5. Nf3 Be7 6. O-O O-O 7. Nc3 Qe8 8. Re1
Ne4 9. Qc2 Qg6 10. Bf4 Nc6 11. c5 Nb4 12. Qb3 Nxc3 13. bxc3 Nd5 14. cxd6 cxd6
15. Bd2 b6 16. c4 Nc7 17. Bf4 Ba6 18. c5 bxc5 19. dxc5 Rab8 20. Qa4 Qe8 21. Qa5
e5 22. Qxc7 exf4 23. cxd6 Bf6 24. Rac1 fxg3 25. hxg3 Qa4 26. Qxa7 Rb7 27. Qc5
Qxa2 28. Ne5 Rb5 29. Qc4+ Qxc4 30. Nxc4 Rc5 31. Nb6 Rxc1 32. Rxc1 Rd8 33. Bd5+
Kf8 34. Bc6 Rxd6 35. Nd7+ Ke7 36. Nxf6 Kxf6 37. e3 g5 1/2-1/2

[Event "Monarch Assurance Isle of Man 9th"]
[Site "Port Erin IOM"]
[Date "2000.10.14"]
[Round "1.21"]
[White "Sedgwick, David"]
[Black "Johnson, Paul A"]
[Result "1/2-1/2"]
[WhiteElo "2091"]
[BlackElo "1728"]
[PlyCount "133"]
[EventDate "2000.10.14"]
[EventType "swiss"]
[EventRounds "9"]
[EventCountry "IOM"]
[SourceTitle "BritBase"]
[SourceDate "2008.07.14"]
[SourceVersion "1"]
[SourceVersionDate "2008.07.14"]
[SourceQuality "2"]

1. e4 e5 2. Nf3 Nc6 3. Nc3 Nf6 4. d4 exd4 5. Nxd4 Bb4 6. Nxc6 bxc6 7. Bd3 d5 8.
exd5 cxd5 9. O-O O-O 10. Bg5 c6 11. Ne2 Be7 12. Ng3 Bd7 13. Re1 Re8 14. Qf3 h6
15. Bd2 Bg4 16. Qf4 Qd6 17. Nf5 Qxf4 18. Nxe7+ Rxe7 19. Bxf4 Rae8 20. Kf1 Bc8
21. Bd6 Re6 22. Bc5 a6 23. Rxe6 Rxe6 24. Bf5 Re8 25. Bxc8 Rxc8 26. f3 Re8 27.
Re1 Re6 28. Rxe6 fxe6 29. Ke2 Kf7 30. Kd3 Nd7 31. Bf2 Ke7 32. c4 Ne5+ 33. Kd4
Nxc4 34. b3 Nd6 35. Kc5 Kd7 36. Kb6 e5 37. Kxa6 d4 38. Kb6 Nc8+ 39. Kc5 Nd6 40.
a4 Kc7 41. Kb4 Kb6 42. a5+ Ka6 43. Kc5 Nb7+ 44. Kxc6 Nxa5+ 45. Kd5 Nxb3 46. Ke4
Kb5 47. Bg3 Kc4 48. Bxe5 Nc5+ 49. Kf5 d3 50. Bf4 Kd5 51. Kg6 Ne6 52. Bd2 Ke5
53. Bc3+ Kf4 54. Kf7 Ng5+ 55. Kxg7 Nxf3 56. gxf3 Kxf3 57. Be1 h5 58. Kf6 h4 59.
Ke5 h3 60. Kd4 Ke2 61. Ba5 d2 62. Bxd2 Kxd2 63. Ke4 Ke2 64. Kd4 Kf2 65. Kd3 Kg2
66. Ke2 Kxh2 67. Kf2 1/2-1/2